Statistics for Biggest European Cities within 100 Km

Click here to take the quiz!

General Stats

  • This quiz has been taken 4,645 times
    (1,895 since last reset)
  • The average score is 124 of 346

Answers on the Map

Answers color-coded by a green-red scale on the quiz's map according to % correct below.
 

Answer Stats

LatLon Pop D City% Correct
51.49999473-0.116721844 14400k 2,508 London
95%
53.33306114-6.248905682 1330k 221 Dublin
92%
48.866692932.333335326 11200k 341 Paris
92%
52.5218186613.40154862 4500k 450 Berlin
91%
40.40002626-3.683351686 6250k 1,054 Madrid
91%
59.9166902910.74997921 1140k 419 Oslo
91%
41.383299582.183370319 4650k 506 Barcelona
90%
41.8959556312.48325842 3600k 188 Rome
90%
55.6785641912.56348575 1610k 289 Copenhagen
89%
55.87440472-4.250707236 1620k 284 Glasgow
89%
38.72272288-9.144866305 2600k 504 Lisbon
89%
59.3507599518.09733473 2075k 691 Stockholm
89%
37.9833262323.73332108 3425k 570 Athens
88%
50.833317084.333316608 2025k 121 Brussels
88%
60.1755633724.93412634 1230k 300 Helsinki
88%
53.50041526-2.247987103 3000k 116 Manchester
88%
45.46997529.20500891 5150k 643 Milan
88%
64.13548-21.89541 118k 1,325 Reykjavik
88%
48.1299420411.57499345 2200k 189 Munich
87%
48.2000152816.36663896 2150k 217 Vienna
87%
52.2500006320.99999955 2275k 260 Warsaw
87%
53.550024649.999999144 2750k 255 Hamburg
86%
50.4333673330.51662797 3375k 758 Kiev
86%
55.7521641237.61552283 16900k 4,177 Moscow
86%
40.8400252514.24501135 4250k 657 Naples
86%
50.0833370114.46597978 1470k 251 Prague
86%
54.58333-5.93333 274k 140 Belfast
85%
47.5000063319.08332068 2575k 690 Budapest
85%
Istanbul
85%
45.770008564.830030475 1930k 342 Lyon
85%
43.289979065.37501013 1640k 269 Marseille
85%
59.9390145130.31602006 5450k 635 Saint Petersburg
85%
52.47497398-1.919996787 3125k 164 Birmingham
84%
44.433371826.09994665 2200k 439 Bucharest
84%
50.099976838.67501542 3125k 153 Frankfurt
84%
41.15000633-8.620001263 1190k 273 Porto
84%
51.91996914.479974323 3100k 182 Rotterdam
84%
42.6833494323.31665401 1330k 297 Sofia
84%
47.379987818.55001013 1360k 163 Zurich
83%
56.94624.10589 742k 362 Riga
82%
39.485-0.4001760k298Valencia
82%
45.8131315.97753 800k 266 Zagreb
82%
44.8186454520.46799068 1400k 316 Belgrade
81%
53.8999774427.56662716 1960k 435 Minsk
81%
43.703137.26608 338k 154 Nice
81%
43.8486418.35644 696k 198 Sarajevo
80%
37.40501528-5.980007366 1320k 313 Seville
80%
45.070387197.669960489 1680k 128 Turin
80%
38.1320513.33561 648k 310 Palermo
79%
54.6891625.2798 542k 172 Vilnius
79%
44.85001304-0.595013063 1010k 437 Bordeaux
78%
41.327519.81889 374k 153 Tirana
78%
55.00037539-1.59999048 1460k 130 Newcastle
77%
43.26271-2.92528 354k 245 Bilbao
75%
51.89797-8.47061 190k 219 Cork
75%
46.0510814.50513 272k 117 Ljubljana
75%
54.3520518.64637 461k 244 Gdansk
74%
57.7071611.96679 504k 228 Gothenburg
74%
46.490016330.71000118 1110k 391 Odessa
74%
48.779979889.199996296 2325k 151 Stuttgart
74%
51.537.04 5600k 447 The Ruhr
74%
60.392995.32415 213k 305 Bergen
73%
44.42648.91519 580k 117 Genoa
73%
51.0508913.73832 486k 100 Dresden
72%
36.7204059-4.419999228 1000k 158 Málaga
72%
43.604261.44367 433k 213 Toulouse
72%
40.6436222.93086 354k 195 Thessaloniki
71%
57.14369-2.09814 183k 148 Aberdeen
70%
42.6727221.16688 550k 176 Pristina
70%
47.0055628.8575 635k 152 Chisinau
69%
39.569392.65024 401k 205 Palma
68%
50.90003135-1.399976849 1130k 111 Southampton
68%
51.45523-2.59665 430k 104 Bristol
67%
46.202226.14569 183k 112 Geneva
67%
52.366970239.716657266 1120k 133 Hanover
67%
47.21725-1.55336 277k 273 Nantes
67%
49.4499906611.0799849 1170k 151 Nuremberg
67%
47.7994113.04399 150k 108 Salzburg
67%
44.4938111.33875 366k 193 Bologna
66%
51.3396212.37129 504k 149 Leipzig
66%
41.1114816.8554 277k 221 Bari
65%
42.4411119.26361 136k 124 Podgorica
65%
48.4-4.48333 144k 211 Brest
64%
52.0975523.68775 300k 122 Brest
64%
54.7064920.51095 434k 126 Kaliningrad
63%
49.8382624.02324 717k 294 L'viv
62%
43.5089116.43915 176k 152 Split
61%
41.65606-0.87734 674k 244 Zaragoza
61%
49.1952216.60796 369k 111 Brno
60%
48.0000016537.82998002 1470k 250 Donetsk
60%
49.9999829336.25002478 1650k 411 Kharkiv
60%
48.7100099944.49996049 1410k 500 Volgograd
59%
56.1567410.21076 237k 156 Aarhus
58%
51.7519.46667 768k 118 Lodz
58%
63.4304910.39506 147k 392 Trondheim
58%
47.0666715.45 222k 134 Graz
57%
50.37153-4.14305 247k 140 Plymouth
57%
68.9791733.09251 319k 593 Murmansk
56%
44.5888333.5224 379k 289 Sevastopol
56%
43.5991739.72569 327k 171 Sochi
56%
39.230549.11917 149k 283 Cagliari
55%
56.3330072244.00009436 1760k 402 Nizhny Novgorod
55%
47.2346478539.7126558 1280k 165 Rostov
55%
35.3278725.14341 137k 320 Heraklion
54%
50.2603804719.02001705 2375k 307 Katowice
54%
37.4922315.07041 290k 168 Catania
53%
57.47908-4.22398 40k 129 Inverness
53%
37.98704-1.13004 436k 177 Murcia
53%
56.8500299360.59995967 1600k 1,018 Yekaterinburg
52%
46.7666723.6 316k 307 Cluj-Napoca
50%
48.3063914.28611 181k 154 Linz
50%
43.2166727.91667 312k 198 Varna
50%
45.429910.98444 219k 107 Verona
50%
55.7499420449.12634477 1220k 292 Kazan
49%
51.117.03333 634k 168 Wroclaw
49%
41.927238.73462 54k 134 Ajaccio
48%
47.316675.01667 149k 150 Dijon
48%
48.4799723535.00002356 1390k 191 Dnipropetrovsk
48%
49.49380.10767 185k 168 Le Havre
48%
43.610923.87723 248k 126 Montpellier
48%
52.627831.29834 177k 143 Norwich
48%
69.648918.95508 52k 561 Tromso
48%
43.37135-8.396 246k 129 A Coruna
47%
57.0489.9187 122k 100 Aalborg
45%
37.89155-4.77275 328k 119 Cordoba
45%
38.908831.43296 48k 117 Ibiza
45%
65.0123625.46816 128k 400 Oulu
45%
57.9999597456.24999263 1100k 290 Perm
45%
52.4069216.92993 570k 145 Poznan
45%
54.7899747956.04003129 1120k 348 Ufa
45%
53.219176.56667 181k 147 Groningen
44%
53.1950075550.15129512 1320k 527 Samara
44%
61.4991123.78712 202k 151 Tampere
44%
60.4514822.26869 175k 134 Turku
44%
53.4289414.55302 407k 126 Szczecin
43%
42.1524.75 340k 132 Plovdiv
42%
58.970055.73332 121k 160 Stavanger
42%
42.23282-8.72264 297k 120 Vigo
42%
41.65518-4.72372 317k 162 Valladolid
40%
45.0448438.97603 649k 249 Krasnodar
39%
48.7139521.25808 236k 177 Kosice
38%
49.254.03333 196k 130 Reims
38%
64.540140.5433 356k 729 Arkhangel'sk
37%
51.2522.56667 360k 153 Lublin
37%
48.5670539.31706 452k 127 Luhansk
36%
44.1807328.63432 303k 121 Constanta
35%
43.53573-5.66152 277k 222 Gijon
35%
52.25833-7.11194 47k 101 Waterford
35%
53.123518.00762 366k 107 Bydgoszcz
34%
45.7537221.22571 315k 119 Timisoara
34%
42.697642.89541 110k 129 Perpignan
32%
62.00973-6.77164 13k 366 Torshavn
32%
51.7299806939.26999548 1040k 286 Voronezh
32%
47.0951437.54131 481k 102 Mariupol
31%
58.3806226.72509 101k 114 Tartu
31%
52.434530.9754 480k 222 Gomel
30%
55.7172221.1175 192k 118 Klaipeda
30%
44.0575512.56528 118k 105 Rimini
30%
63.8284220.25972 74k 272 Umea
30%
36.83814-2.45974 188k 109 Almeria
29%
44.7758317.18556 221k 139 Banja Luka
29%
46.16667-1.15 76k 120 La Rochelle
29%
45.779663.08628 138k 109 Clermont-Ferrand
28%
43.3-0.36667 82k 117 Pau
28%
40.96882-5.66388 155k 109 Salamanca
28%
51.5799898546.0299963 1090k 333 Saratov
28%
57.6408918.29602 21k 145 Visby
28%
40.20564-8.41955 106k 106 Coimbra
27%
38.2444421.73444 163k 170 Patra
27%
54.781832.0401 320k 125 Smolensk
27%
46.3496848.04076 502k 374 Astrakhan'
26%
42.702789.45 41k 104 Bastia
26%
58.146717.9956 63k 160 Kristiansand
26%
45.831531.2578 141k 178 Limoges
26%
66.525.71667 34k 166 Rovaniemi
26%
45.6486125.60613 276k 140 Brasov
25%
40.727878.55037 91k 173 Sassari
25%
42.34106-3.70184179k101Burgos
24%
Edirne
24%
57.7814514.15618 83k 111 Jonkoping
24%
58.98465-2.95953 20k 150 Kirkwall
24%
46.0833318.23333 156k 149 Pecs
24%
65.68353-18.0878 17k 249 Akureyri
23%
38.87789-6.97061 148k 178 Badajoz
23%
53.688423.8258 317k 134 Hrodna
23%
51.316679.5 194k 104 Kassel
23%
51.7373336.18735 409k 193 Kursk
23%
65.5841522.15465 45k 167 Lulea
23%
42.458414.20283 116k 153 Pescara
23%
67.2814.40501 34k 323 Bodo
22%
55.8833326.53333 111k 137 Daugavpils
22%
60.15456-1.14899 22k 339 Lerwick
22%
54.1960937.61822 468k 142 Tula
22%
67.8557220.22513 18k 184 Kiruna
21%
38.99424-1.85643 169k 128 Albacete
20%
62.472256.15492 44k 235 Alesund
20%
35.5112424.02921 54k 103 Chania
20%
45.4528.05 294k 148 Galati
20%
43.112212.38878 120k 118 Perugia
20%
56.8583635.90057 400k 162 Tver
20%
57.6298739.87368 606k 250 Yaroslavl
20%
44.3166723.8 304k 183 Craiova
19%
51.772755.0988 550k 335 Orenburg
19%
56.1365540.39658 310k 102 Vladimir
19%
38.8824716.60086 78k 118 Catanzaro
18%
41.4584515.55188 137k 115 Foggia
18%
62.8923827.67703 89k 237 Kuopio
18%
58.3858824.49711 44k 118 Parnu
18%
54.626939.6916 520k 182 Ryazan'
18%
58.21901-6.38803 18k 152 Stornoway
18%
48.34.08333 60k 105 Troyes
18%
55.190430.2049 342k 142 Vitebsk
18%
53.2520934.37167 427k 238 Bryansk
17%
57.813628.3496 201k 189 Pskov
17%
63.09621.61577 57k 106 Vaasa
17%
56.8776714.80906 59k 108 Vaxjo
17%
60.7076328.75283 78k 113 Vyborg
17%
41.0314321.33474 86k 105 Bitola
16%
40.06667-2.13333 55k 107 Cuenca
16%
62.2414725.72088 85k 124 Jyvaeskylae
16%
58.5966549.66007 457k 287 Kirov
16%
42.9763847.50236 497k 262 Makhachkala
16%
47.0666721.93333 206k 131 Oradea
16%
63.179214.63566 42k 162 Ostersund
16%
53.2006645.00464 512k 193 Penza
16%
45.042841.9734 363k 236 Stavropol'
16%
62.3912917.3063 48k 191 Sundsvall
16%
35.8972214.46111 21k 109 Birkirkara
15%
39.6372222.42028 128k 119 Larisa
15%
61.4833321.78333 76k 106 Pori
15%
69.9688723.27165 12k 170 Alta
14%
37.0388922.11417 51k 137 Kalamata
14%
45.360736.4706 152k 124 Kerch
14%
66.3127814.14278 17k 108 Mo i Rana
14%
52.9650836.0785 324k 118 Orel
14%
43.4166724.61667 118k 119 Pleven
14%
49.5937334.54073 317k 128 Poltava
14%
45.824.15 151k 114 Sibiu
14%
54.3282448.38657 640k 108 Ulyanovsk
14%
56.8497653.20448 631k 223 Izhevsk
13%
54.1943816.17222 107k 136 Koszalin
13%
46.9659131.9974 510k 110 Mykolayiv
13%
50.0413221.99901 158k 134 Rzeszow
13%
57.3894421.56056 42k 100 Ventspils
13%
39.667520.85083 64k 134 Ioannina
12%
62.6011829.76316 53k 111 Joensuu
12%
53.916830.3449 369k 170 Mahilyow
12%
50.6230826.22743 255k 144 Rivne
12%
50.921634.80029 294k 130 Sumy
12%
59.223939.88398 314k 113 Vologda
12%
44.8169415.87083 75k 104 Bihac
11%
40.9395924.40687 59k 128 Kavala
11%
53.7799520.49416 171k 103 Olsztyn
11%
52.122926.0951 130k 112 Pinsk
11%
54.183845.1749 303k 109 Saransk
11%
52.7316941.44326 290k 127 Tambov
11%
43.0366744.66778 317k 146 Vladikavkaz
11%
51.5055131.28488 307k 105 Chernihiv
10%
68.7983316.54165 19k 134 Harstad
10%
63.8384723.13066 35k 112 Kokkola
10%
65.9666729.18333 17k 166 Kuusamo
10%
53.4186159.04722 413k 247 Magnitogorsk
10%
55.9333323.31667 130k 120 Siauliai
10%
64.7506720.95279 30k 108 Skelleftea
10%
42.067848.28987 105k 119 Derbent
9%
64.2272827.72846 35k 139 Kajaani
9%
61.7849134.34691 265k 291 Petrozavodsk
9%
49.5558925.60556 235k 101 Ternopil'
9%
56.1322247.25194 446k 122 Cheboksary
8%
49.4285432.06207 297k 157 Cherkasy
8%
48.2914925.94034 236k 147 Chernivtsi
8%
64.9554634.57929 13k 135 Kem'
8%
47.9096633.38044 652k 133 Kryvyy Rih
8%
61.6764250.80994 230k 349 Syktyvkar
8%
57.5410825.42751 26k 103 Valmiera
8%
67.5641433.4031 61k 158 Apatity
7%
53.132726.0139 168k 133 Baranovichi
7%
59.1333337.9 315k 203 Cherepovets
7%
46.3077844.25583 106k 208 Elista
7%
44.7243937.76752 241k 101 Novorossiysk
7%
50.2648728.67669 282k 115 Zhytomyr
7%
58.2480622.50389 14k 110 Kuressaare
6%
67.6386953.00371 18k 270 Nar'yan-Mar
6%
51.2048758.56685 246k 140 Orsk
6%
52.787627.5415 101k 109 Salihorsk
6%
63.5670553.68348 102k 257 Ukhta
6%
53.138429.2214 220k 114 Babruysk
5%
52.0278247.8007 199k 131 Balakovo
5%
49.4216126.99653 398k 219 Khmel'nyts'kyy
5%
51.2403233.20263 91k 117 Konotop
5%
61.2574546.64963 59k 226 Kotlas
5%
52.049529.2456 112k 121 Mazyr
5%
46.8489135.36533 158k 109 Melitopol'
5%
62.7640940.33746 28k 185 Mirnyy
5%
61.3328944.53598 29k 113 Mirnyy
5%
65.1471657.22439 46k 245 Pechora
5%
48.7483830.22184 87k 118 Uman'
5%
51.550243.1667 98k 176 Balashov
4%
58.139352.658 100k 147 Glazov
4%
48.513232.2597 249k 102 Kirovohrad
4%
63.9069238.11112 22k 110 Onega
4%
53.9527832.86389 56k 106 Roslavl'
4%
56.2624134.32817 62k 117 Rzhev
4%
59.6033460.5787 98k 190 Serov
4%
61.0700642.0983 26k 134 Vel'sk
4%
58.3877833.91546 56k 141 Borovichi
3%
52.780752.2635 87k 149 Buzuluk
3%
50.0983345.41601 128k 153 Kamyshin
3%
47.4195847.25678 18k 125 Kharabali
3%
49.0680233.42041 227k 100 Kremenchuk
3%
57.1466733.10753 19k 100 Ostashkov
3%
50.0546.88333 17k 105 Pallasovka
3%
50.1982839.56726 62k 126 Rossosh'
3%
46.474741.54114 61k 124 Sal'sk
3%
63.7414734.32218 33k 171 Segezha
3%
58.3690945.51558 29k 225 Shar'ya
3%
59.6451133.52937 62k 165 Tikhvin
3%
49.2327828.48097 352k 109 Vinnytsya
3%
47.5136142.15139 167k 147 Volgodonsk
3%
55.2103934.29508 55k 117 Vyaz'ma
3%
61.0063636.44811 11k 123 Vytegra
3%
63.4719141.78023 12k 107 Yemetsk
3%
55.1711159.65083 191k 113 Zlatoust
3%
48.2795546.17217 44k 117 Akhtubinsk
2%
59.409156.8204 167k 159 Berezniki
2%
56.5072256.07661 35k 104 Chernushka
2%
64.57130.57667 30k 142 Kostomuksha
2%
53.1167546.60037 90k 107 Kuznetsk
2%
55.7254552.41122 509k 134 Naberezhnyye Chelny
2%
55.531828.5987 100k 108 Navapolatsk
2%
56.09254.2661 126k 106 Neftekamsk
2%
57.9194459.965 381k 125 Nizhniy Tagil
2%
53.6246255.95015 267k 124 Sterlitamak
2%
59.9737542.76486 10k 127 Tot'ma
2%
56.3430.54517 103k 129 Velikiye Luki
2%
58.5213131.27104 215k 167 Velikiy Novgorod
2%
69.4154130.81355 17k 102 Zapolyarnyy
2%
57.7850636.69651 28k 101 Bezhetsk
1%
56.6058557.76686 43k 104 Krasnoufimsk
1%
59.0130654.65556 31k 118 Kudymkar
1%
60.72633.55306 22k 111 Lodeynoye Pole
1%
50.0643.2379 58k 155 Mikhaylovka
1%
61.665640.2013 22k 121 Nyandoma
1%
57.6757946.61136 22k 100Shakhun'ya
1%
51.2966737.84167 226k 102 Staryy Oskol
1%
63.8566757.30944 13k 143 Vuktyl
1%

Score Distribution

Percentile by Number Answered

Percent of People with Each Score

Your Score History

You have not taken this quiz since the last reset